书目信息 |
| 题名: |
古列女传译注
|
|
| 作者: | 绿净 译注 | |
| 分册: | ||
| 出版信息: | 上海 上海三联书店 2018 |
|
| 页数: | 353页 | |
| 开本: | 21cm | |
| 丛书名: | 国学经典 | |
| 单 册: | ||
| 中图分类: | K828.5 | |
| 科图分类: | ||
| 主题词: | 女性--名人--列传--中国--古代 | |
| 电子资源: | ||
| ISBN: | 978-7-5426-6320-7 | |
| 000 | 01152nam 2200301 450 | |
| 001 | 012001006337 | |
| 005 | 20191023143825.14 | |
| 010 | @a978-7-5426-6320-7@dCNY29.80 | |
| 099 | @aCAL 012018131607 | |
| 100 | @a20181022d2018 em y0chiy50 ea | |
| 101 | 0 | @achi |
| 102 | @aCN@b310000 | |
| 105 | @ay z 000yc | |
| 106 | @ar | |
| 200 | 1 | @a古列女传译注@Agu lie nv zhuan yi zhu@f绿净译注 |
| 205 | @a第2版 | |
| 210 | @a上海@c上海三联书店@d2018 | |
| 215 | @a353页@d21cm | |
| 225 | 2 | @a国学经典@Aguo xue jing dian |
| 330 | @a本书共分七卷, 共记叙了105名妇女的故事。这七卷是: 母仪传、贤明传、仁智传、贞顺传、节义传、辩通传和孽嬖传。西汉时期, 外戚势力强大, 宫廷动荡多有外戚影子。刘向认为“王教由内及外, 自近者始”, 即王教应当从皇帝周边的人开始教育, 因此写成此书, 以劝谏皇帝、嫔妃及外戚。 | |
| 410 | 0 | @12001 @a国学经典 |
| 604 | @1701 0@150010@a刘向,@Aliu xiang@f约前77-前6@a古列女传@x译文 | |
| 604 | @1701 0@150010@a刘向,@Aliu xiang@f约前77-前6@a古列女传@x注释 | |
| 606 | 0 | @a女性@x名人@x列传@y中国@z古代 |
| 690 | @aK828.5@v5 | |
| 701 | 0 | @a绿净@ALv Jing@4译注 |
| 801 | 0 | @aCN@b上海新华@c20191020 |
| 905 | @b1131426-9@dK828.5@e101=2@f4 | |
| 古列女传译注/绿净译注.-第2版.-上海:上海三联书店,2018 |
| 353页;21cm.-(国学经典) |
| ISBN 978-7-5426-6320-7:CNY29.80 |
| 本书共分七卷, 共记叙了105名妇女的故事。这七卷是: 母仪传、贤明传、仁智传、贞顺传、节义传、辩通传和孽嬖传。西汉时期, 外戚势力强大, 宫廷动荡多有外戚影子。刘向认为“王教由内及外, 自近者始”, 即王教应当从皇帝周边的人开始教育, 因此写成此书, 以劝谏皇帝、嫔妃及外戚。 |
| ● |
| 相关链接 |
|
|
|
|
正题名:古列女传译注
索取号:K828.5/101=2
 
预约/预借
| 序号 | 登录号 | 条形码 | 馆藏地/架位号 | 状态 | 备注 |
| 1 | 1131426 | 211314264 | 第二样本阅览室/ [索取号:K828.5/101=2] | 在馆 | |
| 2 | 1131427 | 211314273 | 第二借阅区/ [索取号:K828.5/101=2] | 在馆 | |
| 3 | 1131428 | 211314282 | 第二借阅区/ [索取号:K828.5/101=2] | 在馆 | |
| 4 | 1131429 | 211314291 | 第二借阅区/ [索取号:K828.5/101=2] | 在馆 |